000 00691nam a2200217Ia 4500
001 17158
003 GE_BSU
008 181216s||||||||xx |||||||||||||| ||und||
040 _cGE_BSU
080 _a821.161.1-31
100 _aსარტაკოვი, სერგეი
245 _aყინულის განძი : რომანი
245 _c[თარგმანი ნ. ხუნდაძისა. რედ. ნ. მაძაღუი
260 _aთბილისი
260 _bმერანი
260 _c1973
300 _a497გვ. ; 20სმ.
653 _aრომანი
653 _aყინულის განძი
942 _cBK
999 _c50220
_d50220